000 00635nam a2200205 u 4500
005 20240228064010.0
008 100427s2000 r 000 0 eng d
020 _a9681662814
035 _aUPN01000175572
049 _aI
050 4 _aPZ74.9
_bH5.2
100 1 _aHinojosa, Francisco,
_d1954-
_928902
245 1 0 _aBuscalacranes /
_cFrancisco Hinojosa ; il. de Rafael Barajas.
260 _aMéxico :
_bFCE,
_c2000.
300 _a91 p. :
_bil.
440 0 _aA la orilla del viento ;
_v140.
_pPara los que leen bien
650 4 _aCuentos infantiles mexicanos
_97723
650 4 _aLibros y lectura para niños
_92290
905 _aLibro
999 _c147676
_d147676